000 00347nam a2200169Ia 4500
100 _aDani/Asang
650 _aEmbedded systems
942 _cBK
366 _f20
654 _aembedded
245 _aGo Embedded
260 _bBPB Publications
_aMumbai
_c2008
082 _a003.3/DAN
_bDAN
300 _a424
546 _aENGLISH
999 _c23136
_d23136